| 000 | 00371nam a2200145Ia 4500 | ||
|---|---|---|---|
| 008 | 230312s9999||||xx |||||||||||||| ||und|| | ||
| 020 | _a93-85915-48-2 | ||
| 082 |
_a611 _bCHA-B |
||
| 100 | _aB D Chaurasia | ||
| 245 | 0 | _aBD Chaurasia's Human Anatomy-(Head and Neck)-3 | |
| 260 |
_bCBS Publisher _aIndia _c2016 |
||
| 300 | _a338 | ||
| 650 |
_aMedical _vAnatomy |
||
| 942 | _cBK | ||
| 999 |
_c8227 _d8227 |
||